| 000 | 00551nam a2200181 a 4500 | ||
|---|---|---|---|
| 005 | 20140412111348.0 | ||
| 008 | 050422s19uu xx 00 eng d | ||
| 020 | _a0-02-276097-0 | ||
| 050 |
_aM 551.3 _bA93 1995 |
||
| 100 | _aAtwater, Mary | ||
| 245 |
_aMiguel's treasures / _cby Mary Atwater, et al. |
||
| 260 |
_aNew York : _bMacmillan/McGraw-Hill School Pub. Comp, _c1995. |
||
| 300 | _a32 p. ; ill. | ||
| 440 | _aMacmillan/McGraw-Hill Science | ||
| 650 |
_aEarth _xJuvenile literature |
||
| 650 |
_aSky _xJuvenile literature |
||
| 999 |
_c105253 _d105253 |
||